Farthing on International Shipping / (Record no. 294)

000 -LEADER
fixed length control field 00606nam a2200193Ia 4500
008 - FIXED-LENGTH DATA ELEMENTS--GENERAL INFORMATION
fixed length control field 190805s9999||||xx |||||||||||||| ||und||
020 ## - INTERNATIONAL STANDARD BOOK NUMBER
International Standard Book Number 9783642345975
Terms of availability 69.99
082 04 - DEWEY DECIMAL CLASSIFICATION NUMBER
Classification number 387.5
Item number M8967
100 1# - MAIN ENTRY--PERSONAL NAME
Personal name Mukherjee, Proshanto K.
245 10 - TITLE STATEMENT
Title Farthing on International Shipping /
250 ## - EDITION STATEMENT
Edition statement 4th ed.
260 ## - PUBLICATION, DISTRIBUTION, ETC. (IMPRINT)
Place of publication, distribution, etc Heildelberg :
Name of publisher, distributor, etc Springer,
Date of publication, distribution, etc 2013
300 ## - PHYSICAL DESCRIPTION
Extent xxix, 411 p.
Other physical details :
Dimensions ; 24 cm.
490 00 - SERIES STATEMENT
Series statement WMU studies in maritime affairs ;
Volume number/sequential designation 1
650 #0 - SUBJECT ADDED ENTRY--TOPICAL TERM
Topical term or geographic name as entry element Shipping
General subdivision Government policy
700 1# - ADDED ENTRY--PERSONAL NAME
Personal name Brownrigg, Mark
852 ## - LOCATION/CALL NUMBER
Location
942 ## - ADDED ENTRY ELEMENTS (KOHA)
Item type Reference book
Holdings
Withdrawn status Lost status Damaged status Not for loan Collection code Permanent location Current location Shelving location Date acquired Source of acquisition Cost, normal purchase price Full call number Barcode Date last seen Koha item type Public note
        Management Studies IMU Kochi Library IMU Kochi Library Reference 2017-08-05 Educational Supplies 5263.25 387.5 M8967 BK004635 2019-08-05 Reference book Shelf-20, Row-2
        Management Studies IMU Kochi Library IMU Kochi Library Reference 2017-08-05 Educational Supplies 5263.25 387.5 M8967 BK004636 2019-08-05 Reference book Shelf-20, Row-2
        Management Studies IMU Kochi Library IMU Kochi Library Reference 2017-08-05 Educational Supplies 5263.25 387.5 M8967 BK004637 2019-08-05 Reference book Shelf-20, Row-2
        Management Studies IMU Kochi Library IMU Kochi Library Reference 2017-08-05 Educational Supplies 5263.25 387.5 M8967 BK004638 2019-08-05 Reference book Shelf-20, Row-2
        Management Studies IMU Kochi Library IMU Kochi Library Reference 2017-08-05 Educational Supplies 5263.25 387.5 M8967 BK004634 2019-08-05 Reference book Shelf-20, Row-2


Copyright © All Rights Reserved by Indian Maritime University, Kochi Campus.
For any Suggestions/Query Contact to library or Email: library.kochi@imu.ac.in Ph:(0484)-2989402
(Web OPAC Designed by Rudra Ranjan. Maintained by IMU Kochi Library)

Powered by Koha